| 000 | 00458nam a22001217a 4500 | ||
|---|---|---|---|
| 082 | _a200 THE | ||
| 100 |
_aMuhammad Asad _9322 |
||
| 245 | _aTH-SOF-1628-CONTINUOUS BLOOD GLUCOSE MONITORING, BLOOD GLUCOSE LEVEL PREDICTION AND INSULIN SUGGESTION FOR DIABETIC TYPE 1 PATIENTS OR ARTIFICIAL PANCREAS (AP) | ||
| 260 |
_aISLAMABAD _bNUST COLLEGE OF EME _c2019 |
||
| 650 |
_aMS-CSE-15 MSTHESIS _969366 |
||
| 700 |
_aSupervisor Dr. Usman Qamar _969693 |
||
| 942 | _cCF | ||
| 999 |
_c576905 _d576905 |
||